000 00274nam a22001337a 4500
008 181009b xxu||||| |||| 00| 0 eng d
020 _a9780030727962
041 _aeng
080 _a573
100 _a11
101 _aBIO
245 _aBiology
_cSolomon
942 _2udc
_cBK
999 _c49112
_d49112